2021 Ministry Of Finance Audit CR Of And Annual Statement On The Status Of Implementation Of Recommendations Made in Audit Reports (Record no. 3328)

MARC details
000 -LEADER
fixed length control field 00609nam a2200145Ia 4500
008 - FIXED-LENGTH DATA ELEMENTS--GENERAL INFORMATION
fixed length control field 240429s9999||||xx |||||||||||||| ||und||
041 ## - LANGUAGE CODE
Language code of text/sound track or separate title eng
082 ## - DEWEY DECIMAL CLASSIFICATION NUMBER
Classification number CR/MOF/21
100 ## - MAIN ENTRY--PERSONAL NAME
Personal name Parliament of Ghana
245 #0 - TITLE STATEMENT
Title 2021 Ministry Of Finance Audit CR Of And Annual Statement On The Status Of Implementation Of Recommendations Made in Audit Reports
300 ## - PHYSICAL DESCRIPTION
Extent 43p:tabs
650 ## - SUBJECT ADDED ENTRY--TOPICAL TERM
Topical term or geographic name entry element Submission Of 2021 Ministry Of Finance Audit CR - Annual Statement On The Status Of Implementation Of Recommendations Made In Audit Reports - 2021 Audit Annual CR - 2021 Audit Annual Committee
942 ## - ADDED ENTRY ELEMENTS (KOHA)
Koha item type Committee Reports
Holdings
Withdrawn status Lost status Damaged status Not for loan Home library Current library Shelving location Date acquired Total checkouts Full call number Date last seen Copy number Price effective from Koha item type
        Main Library Main Library Open Shelves 19/07/2023   CR/MOF/21 6377 29/04/2024 1 29/04/2024 Committee Reports
©2026  Parliament of Ghana Library - All rights reserved